| 000 | 00628nam a2200193Ii 4500 | ||
|---|---|---|---|
| 003 | JO-AjNU | ||
| 008 | 230605s9999||||xx |||||||||||||| ||und|| | ||
| 040 |
_aJO-AjNU _bara _erda _cJO-AjNU |
||
| 041 | _aara | ||
| 050 | 1 | 4 | _aK3165.K4892 1993 |
| 100 | 3 |
_aالخطيب، نعمان أحمد, _eauthor _946868 |
|
| 245 | 0 | 0 | _aمبادئ القانون الدستوري |
| 264 | 3 | 1 | _aالكرك : جامعة مؤتة ،1993 |
| 300 | _a 208ص | ||
| 336 |
_atext _btxt _2rdacontent |
||
| 337 |
_aunmediated _bn _2rdamedia |
||
| 338 |
_avolume _bnc _2rdacarrier |
||
| 650 | 4 |
_aالقانون الدستوري _946869 |
|
| 999 |
_aA20420 _c23988 _d23988 |
||